000
003230000a22001450004500
003
LK-CoMWRAF
008
230817t ||||| |||| 00| 0 eng d
040
_a
LK-CoMWRAF
_d
LK-CoMWRAF
_e
LK-CoMWRAF
041
_a
eng
082
_a
024TAM
245
_a
Eluthatha Une Kavithai
_b
260
_b
_a
_c
300
_a
p.72
942
_c
BK
999
_c
654
_d
654